000 00483nam a2200145Ia 4500
008 140724s9999 xx 000 0 und d
050 _aT 58.6
_b.Ag262 2013
100 _aAgasino, Mara Angela L.
245 _aPoint of sales system for EDL Botica /
_cMara Angela L. Agasino.
260 _aLas PiƱas, Philippines :
_bSouthville International School and Colleges,
_cc2013.
300 _a75 p. :
_bill. ;
_c28 cm.
521 _aInformation Technology
942 _cTH
999 _c229107
_d229107